| 000 | 01186nam a22003617a 4500 | ||
|---|---|---|---|
| 003 | CHAP | ||
| 005 | 20220817042257.0 | ||
| 008 | 971013s1978 r 00010 d | ||
| 010 | _a39394 | ||
| 011 | _a40366 | ||
| 035 | _a44491 | ||
| 040 | _cCHAP | ||
| 090 | _aTesis | ||
| 100 | 0 | 0 |
_aFierros González, Aurelio M. _940785 |
| 245 | _aEnsayos de la introducción del género Eucalyptus en algunas regiones de México | ||
| 260 |
_aChapingo, Méx. : _bEl autor, _c1978 |
||
| 300 |
_a280 h. _b: mapas |
||
| 500 | _a1c. en bodega | ||
| 502 | _aTesis (Ing. Agrónomo Esp. en Bosques) S-- Depto. de Bosques | ||
| 590 |
_aALEPH _b10 _c20130110 _lUCH01 _h1307 |
||
| 590 |
_aBATCH-UPD _b10 _c20130110 _lUCH01 _h0151 |
||
| 590 |
_aBATCH-UPD _b10 _c20130110 _lUCH01 _h1801 |
||
| 590 |
_aBATCH-UPD _b10 _c20130409 _lUCH01 _h2152 |
||
| 590 |
_aBATCH-UPD _b10 _c20130410 _lUCH01 _h1137 |
||
| 590 |
_aBATCH-UPD _b10 _c20130914 _lUCH01 _h1333 |
||
| 590 |
_aCONVERSION _b10 _c20130109 _lUCH01 _h1322 |
||
| 650 | 1 | 4 |
_aÁrboles _xIntroduccion. _96611 |
| 650 | 1 | 4 | _aEucalipto. |
| 901 | _aBK | ||
| 942 | _cFOLL | ||
| 949 |
_bBC _cTES _d-101880 _eTS1 _i44491 _si |
||
| 949 |
_bBC _cTES _d-101881 _eTS2 _fc.2 _i44491 _si |
||
| 999 |
_c39394 _d39394 |
||